| 000 | 00965nam a2200313Ia 4500 | ||
|---|---|---|---|
| 001 | dia_2754 | ||
| 003 | CHAP | ||
| 005 | 20251023164133.0 | ||
| 008 | 220117s1990 xx 000 0 und d | ||
| 010 | _a173249 | ||
| 020 | _a0-442-00117-7 | ||
| 040 | _cCHAP | ||
| 082 | _a664.07021 H87 1990 | ||
| 100 |
_aHubbard, Merton R. _9153438 |
||
| 245 |
_aStatistical quality control for the food industry / _c Merton R. Hubbard |
||
| 260 |
_aEstados Unidos de América : _b AVI, _c1990 |
||
| 300 | _axi, 282 p. | ||
| 503 | _aI. 174712 | ||
| 504 | _aBibliografía: p. 275-276 | ||
| 590 | _aTP372.6 H87 1990 | ||
| 650 |
_aControl de calidad _xEstadísticas _9153439 |
||
| 650 |
_aFood industry _9148657 |
||
| 650 |
_aIndustria de los alimentos _9148659 |
||
| 650 |
_aQuality control _xStatistics _9153440 |
||
| 901 | _a664.07021 H87 1990 | ||
| 902 | _aM | ||
| 905 | _a5232271990 -usnm 8222123322eng16 | ||
| 942 |
_cLIBRO _2ddc |
||
| 999 |
_c173249 _d173249 |
||